LEADER 01202cam0-22003251i-450- 001 990004781730403321 005 20140131141025.0 035 $a000478173 035 $aFED01000478173 035 $a(Aleph)000478173FED01 035 $a000478173 100 $a19990604d1788----km-y0itay50------ba 101 0 $alat 102 $aIT 105 $ay-------001yy 200 1 $aTiti Lucretii Cari De rerum natura libros sex. Interpretatione et notis illustravit Michael Fayus .. iussu Christianissimi regis in usum serenissimi Delphini 210 $aBassani ; prostant Venetiis$capud Remondini$d1788 215 $aXXIV, 672 p.$d27 cm 517 1 $aDe rerum natura libros sex 676 $a870$v22$zita 700 1$aLucretius Carus,$bTitus$f<97-55 a. C.>$071848 702 1$aDu Fay,$bMichael$f 719 00$aRemondini,$bGiuseppe$c<2.>$4650 801 0$aIT$bUNINA$gRICA$2UNIMARC 901 $aAQ 912 $a990004781730403321 952 $aSG 870/B 66$bR. Bibl. 105$fFLFBC 959 $aFLFBC 996 $aTiti Lucretii Cari De rerum natura libros sex. Interpretatione et notis illustravit Michael Fayus .. iussu Christianissimi regis in usum serenissimi Delphini$9559813 997 $aUNINA LEADER 01058nam a22002771i 4500 001 991001909639707536 005 20040106095025.0 008 040407s1980 it a||||||||||||||||ita 035 $ab12841766-39ule_inst 035 $aARCHE-082138$9ExL 040 $aDip.to Scienze Storiche$bita$cA.t.i. Arché s.c.r.l. Pandora Sicilia s.r.l. 082 04$a914.572 100 1 $aMassa, Bruno$090975 245 10$aGuida alla natura della Campania e Molise /$cBruno e Renato Massa 260 $aMilano :$bA. Mondadori,$c[1980] 300 $a251 p. :$bill. ;$c19 cm 650 4$aFauna$zMolise 650 4$aFlora$zMolise 651 4$aMolise 700 1 $aMassa, Renato$eauthor$4http://id.loc.gov/vocabulary/relators/aut$090976 907 $a.b12841766$b02-04-14$c16-04-04 912 $a991001909639707536 945 $aLE009 GEOG.14.433-44$g1$i2009000388123$lle009$o-$pE0.00$q-$rn$so $t0$u0$v0$w0$x0$y.i13395701$z16-04-04 996 $aGuida alla natura della Campania e Molise$91448221 997 $aUNISALENTO 998 $ale009$b16-04-04$cm$da $e-$fita$git $h0$i1